<?xml version="1.0" encoding="UTF-8"?>
<record
    xmlns:xsi="http://www.w3.org/2001/XMLSchema-instance"
    xsi:schemaLocation="http://www.loc.gov/MARC21/slim http://www.loc.gov/standards/marcxml/schema/MARC21slim.xsd"
    xmlns="http://www.loc.gov/MARC21/slim">

  <leader>00950nam a22002417a 4500</leader>
  <controlfield tag="003">OSt</controlfield>
  <controlfield tag="005">20240720112058.0</controlfield>
  <controlfield tag="008">240720b           ||||| |||| 00| 0 eng d</controlfield>
  <datafield tag="022" ind1=" " ind2=" ">
    <subfield code="a">22499040</subfield>
  </datafield>
  <datafield tag="040" ind1=" " ind2=" ">
    <subfield code="c">AIMIT LIBRARY</subfield>
  </datafield>
  <datafield tag="082" ind1=" " ind2=" ">
    <subfield code="a">658</subfield>
    <subfield code="b">MANA</subfield>
  </datafield>
  <datafield tag="110" ind1=" " ind2=" ">
    <subfield code="a">Institute of Public Enterprise</subfield>
    <subfield code="9">173822</subfield>
  </datafield>
  <datafield tag="245" ind1=" " ind2=" ">
    <subfield code="a">IPE journal of :</subfield>
    <subfield code="b">management /</subfield>
    <subfield code="c">By IPE journal of management.</subfield>
  </datafield>
  <datafield tag="260" ind1=" " ind2=" ">
    <subfield code="a">Hyderabad ,</subfield>
    <subfield code="b">Institute of Enterprise ,</subfield>
    <subfield code="c">2015, 2016.</subfield>
  </datafield>
  <datafield tag="300" ind1=" " ind2=" ">
    <subfield code="b">HB</subfield>
    <subfield code="c">23.5 cm</subfield>
  </datafield>
  <datafield tag="440" ind1=" " ind2=" ">
    <subfield code="a">IPE journal of management.</subfield>
    <subfield code="v">Vol.5 No.1-2/2015/ Vol.6 No.1/2016.</subfield>
    <subfield code="9">173823</subfield>
  </datafield>
  <datafield tag="440" ind1=" " ind2=" ">
    <subfield code="v">Vol.8 No.1-2/2018.</subfield>
  </datafield>
  <datafield tag="440" ind1=" " ind2=" ">
    <subfield code="v">Vol.6 No.2/2016/ Vol.7 No.1-2/2017</subfield>
  </datafield>
  <datafield tag="650" ind1=" " ind2=" ">
    <subfield code="a">Green bonds: country experiences challenges and opportunities</subfield>
    <subfield code="9">173824</subfield>
  </datafield>
  <datafield tag="650" ind1=" " ind2=" ">
    <subfield code="a">E-tailling at bottom of the pyramid : analysing the factor for success </subfield>
    <subfield code="9">173825</subfield>
  </datafield>
  <datafield tag="650" ind1=" " ind2=" ">
    <subfield code="a">Inclusive vs exclusive approach to talent management : a review agenda</subfield>
    <subfield code="9">173826</subfield>
  </datafield>
  <datafield tag="942" ind1=" " ind2=" ">
    <subfield code="2">ddc</subfield>
    <subfield code="c">BV</subfield>
    <subfield code="k">658 MANA</subfield>
  </datafield>
  <datafield tag="999" ind1=" " ind2=" ">
    <subfield code="c">231479</subfield>
    <subfield code="d">231479</subfield>
  </datafield>
  <datafield tag="952" ind1=" " ind2=" ">
    <subfield code="0">0</subfield>
    <subfield code="1">0</subfield>
    <subfield code="2">ddc</subfield>
    <subfield code="4">0</subfield>
    <subfield code="7">0</subfield>
    <subfield code="8">MBA</subfield>
    <subfield code="a">AIMIT</subfield>
    <subfield code="b">AIMIT</subfield>
    <subfield code="c">BV</subfield>
    <subfield code="d">2024-07-20</subfield>
    <subfield code="h">Vol.6 No.2/2016 Vol.7 No.1-2/2017</subfield>
    <subfield code="l">0</subfield>
    <subfield code="o">658 MANA</subfield>
    <subfield code="p">BVM951</subfield>
    <subfield code="r">2024-07-20 00:00:00</subfield>
    <subfield code="w">2024-07-20</subfield>
    <subfield code="y">BV</subfield>
  </datafield>
  <datafield tag="952" ind1=" " ind2=" ">
    <subfield code="0">0</subfield>
    <subfield code="1">0</subfield>
    <subfield code="2">ddc</subfield>
    <subfield code="4">0</subfield>
    <subfield code="7">0</subfield>
    <subfield code="8">MBA</subfield>
    <subfield code="a">AIMIT</subfield>
    <subfield code="b">AIMIT</subfield>
    <subfield code="c">BV</subfield>
    <subfield code="d">2024-07-20</subfield>
    <subfield code="h">Vol.8 No.1-2/2018 </subfield>
    <subfield code="l">0</subfield>
    <subfield code="o">658 MANA</subfield>
    <subfield code="p">BVM1072</subfield>
    <subfield code="r">2024-07-20 00:00:00</subfield>
    <subfield code="w">2024-07-20</subfield>
    <subfield code="y">BV</subfield>
  </datafield>
  <datafield tag="952" ind1=" " ind2=" ">
    <subfield code="0">0</subfield>
    <subfield code="1">0</subfield>
    <subfield code="2">ddc</subfield>
    <subfield code="4">0</subfield>
    <subfield code="7">0</subfield>
    <subfield code="8">MBA</subfield>
    <subfield code="a">AIMIT</subfield>
    <subfield code="b">AIMIT</subfield>
    <subfield code="c">BV</subfield>
    <subfield code="d">2024-07-20</subfield>
    <subfield code="h">Vol.5 No.1-2/2015/ Vol.6 No.1/2016 </subfield>
    <subfield code="l">0</subfield>
    <subfield code="o">658 MANA</subfield>
    <subfield code="p">BVM950</subfield>
    <subfield code="r">2024-07-20 00:00:00</subfield>
    <subfield code="w">2024-07-20</subfield>
    <subfield code="y">BV</subfield>
  </datafield>
</record>
